ბათუმის შოთა რუსთაველის სახელმწიფო უნივერსიტეტის ბიბლიოთეკა

თანამედროვე არაბული ენა : (ბიბ.ჩანაწერი № 55001)

000 -ლიდერი
ფიქსირებული სიგრძის საკონტროლო ველი 01597nam a2200277Ia 4500
001 - საკონტროლო ნომერი
საკონტროლო ველი 22072
003 - საკონტროლო ნომრის იდენტიფიკატორი
საკონტროლო ველი GE_BSU
005 - ბოლო ოპერაციის თარიღი და დრო
საკონტროლო ველი 20221013113649.0
008 - ფიქსირებული სიგრძის მონაცემთა ელემენტები - ზოგადი ინფორმაცია
ფიქსირებული სიგრძის საკონტროლო ველი 181216s2016||||ge |||||||||||||| ||geo||
020 ## - წიგნის საერთაშორისო სტანდარტული ნომერი
International Standard Book Number 9789941135651
040 ## - კატალოგიზაციის წყარო
Transcribing agency GE_BSU
041 ## - ენის კოდი
Language code of text/sound track or separate title geo
080 ## - უნივერსალური ათობითი კლასიფიკაციის ინდექსი
Universal Decimal Classification number 811.411.21(075.8) ე-99
100 ## - მთავარი ჩანაწერი - პიროვნების სახელი
Personal name ეჯიბაძე, ნინო
9 (RLIN) 15319
245 ## - ცნობა სათაურის შესახებ
Title თანამედროვე არაბული ენა :
Remainder of title სახელმძღვანელო /
Statement of responsibility, etc ნინო ეჯიბაძე ; აპოლონ სილაგაძის რედაქტორობით.
264 ## - წარმოების, გამოცემის, დისტრიბუციის და სხვა ცნობები
გამოცემის, წარმოების, დისტრიბუციის... ადგილი თბილისი :
გამოცემის, წარმოების, დისტრიბუციის... სახელწოდება თბილ. სახელმწ. უნ-ტი,
გამოცემის, წარმოების, დისტრიბუციის... თარიღი 2016.
300 ## - ფიზიკური აღწერა
Extent [218] გვ. ;
Dimensions 25 სმ.
546 ## - LANGUAGE NOTE
Language note დამატებითი სატიტულო გვერდი ინგლისურ ენაზე
653 ## - INDEX TERM--UNCONTROLLED
Uncontrolled term არაბული ენა
653 ## - INDEX TERM--UNCONTROLLED
Uncontrolled term არაბული ენა -- სახელმძღვანელო
653 ## - INDEX TERM--UNCONTROLLED
Uncontrolled term თანამედროვე არაბული ენა
700 ## - ADDED ENTRY--PERSONAL NAME
Personal name სილაგაძე, აპოლონ
Relator term რედაქტორი
9 (RLIN) 2412
710 ## - ADDED ENTRY--CORPORATE NAME
Corporate name or jurisdiction name as entry element ივანე ჯავახიშვილის სახელობის თბილისის სახელმწიფო უნივერსიტეტი
Subordinate unit აღმოსავლეთმცოდნეობის სასწავლო - სამეცნიერო ინსტიტუტი
9 (RLIN) 15320
942 ## - ADDED ENTRY ELEMENTS (KOHA)
Koha item type წიგნი
Source of classification or shelving scheme
ეგზემპლარები
ჩამოწერის სტატუსი დაკარგული ეგზემპლარის სტატუსი კლასიფიკაციის წყარო ან თაროზე გაწყობის სქემა დაზიანების სტატუსი არ გაიცემა მუდმივი მდებარეობა (დაცვის ადგილი) ამჟამინდელი ადგილსამყოფელი თაროზე განთავსების ადგილი შეძენის თარიღი ღირებულება, შესყიდვის ნორმალური ფასი სრული შენახვის შიფრი შტრიხკოდი ბოლო ოპერაციის თარიღი ეგზემპლარის მიმდევრობითი ნომერი (კეტერი?) ფასის ძალაში შესვლის თარიღი ეგზემპლარის სახეობა საჯარო შენიშვნა
          ბათუმის შოთა რუსთაველის სახელმწიფო უნივერსიტეტის მთავარი ბიბლიოთეკა ბათუმის შოთა რუსთაველის სახელმწიფო უნივერსიტეტის მთავარი ბიბლიოთეკა წიგნსაცავი 2018-12-17 10.90 811.411.21(075.8) ე-99 56904 2018-12-17 56904 2018-12-17 წიგნი 10.90 ₾.
          ბათუმის შოთა რუსთაველის სახელმწიფო უნივერსიტეტის მთავარი ბიბლიოთეკა ბათუმის შოთა რუსთაველის სახელმწიფო უნივერსიტეტის მთავარი ბიბლიოთეკა წიგნსაცავი 2018-12-17 10.90 811.411.21(075.8) ე-99 56905 2018-12-17 56905 2018-12-17 წიგნი 10.90 ₾.